000 nam a22 7a 4500
999 _c8574
_d8574
008 180118b ||||| |||| 00| 0 eng d
100 _94958
_aPAL.R
245 _aREADING VENTURES-I
260 _aNEW DELHI